Os caminos da paleopatologia - pasado e desafios (Registro nro. 268454)

Detalles MARC
001 - NÚMERO DE CONTROL
campo de control 790618
005 - FECHA Y HORA DE LA ÚLTIMA TRANSACCIÓN
campo de control 20250219090917.0
008 - DATOS DE LONGITUD FIJA--INFORMACIÓN GENERAL
campo de control de longitud fija 021210e20021231 por
035 ## - NÚMERO DE CONTROL DEL SISTEMA
Número de control de sistema 790618
035 ## - NÚMERO DE CONTROL DEL SISTEMA
Número de control de sistema (OCoLC)820003328
040 ## - FUENTE DE LA CATALOGACIÓN
Centro/agencia transcriptor comduadb
041 ## - CÓDIGO DE LENGUA
Código de lengua del texto/banda sonora o título independiente por
100 10 - ENTRADA PRINCIPAL--NOMBRE DE PERSONA
Nombre de persona Santos, Ana Luisa
Código de función aut
Término indicativo de función/relación Autor/a
9 (RLIN) 365140
245 13 - MENCIÓN DE TÍTULO
Título Os caminos da paleopatologia - pasado e desafios
650 ## - PUNTO DE ACCESO ADICIONAL DE MATERIA--TÉRMINO DE MATERIA
Término de materia o nombre geográfico como elemento de entrada Paleopatología
9 (RLIN) 12241
650 ## - PUNTO DE ACCESO ADICIONAL DE MATERIA--TÉRMINO DE MATERIA
Término de materia o nombre geográfico como elemento de entrada Portugal
9 (RLIN) 16155
650 #7 - PUNTO DE ACCESO ADICIONAL DE MATERIA--TÉRMINO DE MATERIA
Término de materia o nombre geográfico como elemento de entrada Metodología
Fuente del encabezamiento o término lemb
9 (RLIN) 767
650 #7 - PUNTO DE ACCESO ADICIONAL DE MATERIA--TÉRMINO DE MATERIA
Término de materia o nombre geográfico como elemento de entrada Ciencia
Subdivisión general Historia
Fuente del encabezamiento o término lemb
9 (RLIN) 91485
773 0# - ENLACE AL DOCUMENTO FUENTE/ENTRADA DE REGISTRO ANFITRIÓN
Título Antropologia Portuguesa (Coimbra)
Parte(s) relacionada(s) Volumen 16-17, Enero de 1999-Diciembre de 2000, p. 161-184
Número de control del registro 196565
Número Internacional Normalizado para Publicaciones Seriadas 0870-0990
Número bibliográfico anfitrión 84718
942 ## - ELEMENTOS DE ENTRADA AGREGADA (KOHA)
Tipo de ítem Koha Artículo de Revista

No hay ítems disponibles.